000 02171 a2200217 4500
001 26963
005 20260407155547.0
008 260407a1972 arg spa d
003 AR-UNSa-BCEJYS
040 _aAR-UNSa-BCEJYS
_bspa
_cAR-UNSa-BCEJYS
080 _a347.736
_xQuiebra. Insolvencia. Suspensión de pagos. Bancarrota, procedimientos. Derecho Concursal
245 1 0 _aConcursos y procedimiento concursal
_pcomentario y analísis de la ley 19.551
264 1 _aBuenos Aires :
_bDepalma
_c1972
300 _a320 p.
_c23 cm.
505 _a1. Desarrollo histórico.Sistemas legislativo - 2. Antecedentes nacionales.Evolución legislativa hasta llegar a la actual ley - 3. Principios generales - 4. El concurso preventivo - 5. Efectos de la apertura del concurso - 6. Trámite hasta la junta - 7. Junta de acreedores - 8. Impugnación y homologación del acuerdo - 9. Efectos del acuerdo homologado - 10. Nulidad del acuerdo.Incumplimiento - 11. Disposiciones particulares para el acuerdo por cesión de bienes - 12. Declaración de la quiebra - 13. Sentencia - 14. Recursos contra la sentencia de quiebra - 15. Efectos de la quiebra - 16. Efectos generales sobre relaciones jurídicas preexistentes - 17. Efectos sobre ciertas relaciones jurídicas en particular - 18. Extensión dela quiebra y responsabilidad de terceros - 19. Incautación y conservación de bienes - 20. Continuación de la empresa - 21. Período informativo en la quiebra - 22. Realización de bienes - 23. Informe final y distribución - 24. Acuerdo resolutorio - 25. Avenimiento - 26. Pago total - 27. Clausura del procedimiento - 28. Calificación de conducta del fallido y de terceros - 29. Rehabilitación - 30. Concurso en caso de liquidación administrativa - 31. Privilegio - 32. El órgano jurisdiccional - 33. Funcionarios y empleados de los concursos - 34. Regulación de honorarios - 35. Reglas procesales - 36. De los concursos civiles - 37. Derecho penal concursal - 38. Disposiciones complementarias y transitorias.
942 _cBK
590 _aniveau_biblio:m niveau_hierar:0
100 1 _aMigliardi, Francisco N.M.O.
650 _aLey Nº 19.551
650 _a ley nº 19 551
999 _c1527
_d1527